LEADER 01002nam a2200229 4500 001 000000334605 003 CaOOAMICUS 005 20190829092316.0 008 190704s1953 fr 000 u fre r 040 $aSeMil$bita 100 1 $aValier, Agostino,$c.$0(OLS)http://semarc/name/75441 245 10$aPhilippe ou la joie chrétienne /$ccardinal Valier ; introduction et traduction de Marianne Mahn. 264 1$aParis :$bÉditions de l'Orante,$c1953. 300 $a125 p. ;$c17 cm 600 04$aNeri, Filippo .$0(OLS)http://semarc/subject/1201 700 1 $aMahn, Marianne.$0(OLS)http://semarc/name/109820 850 $aSeMil 852 $aSeMil$W1$xVenegono$y1$m3F VI 392$j215881$B226793$CSeMilBibl$Z2$F226793 $81 961 $aLorenzi don Ugo - Omaggio 996 $6245$aPhilippe ou la joie chrétienne$9(OLS)http://semarc/title/424270 996 $6264$aParis :$bÉditions de l'Orante$9(OLS)http://semarc/publisher/35486 LEADER 00980nam a2200241 i 4500 001 000000109132 003 CaOOAMICUS 005 20021024000000.0 008 021024s2002 it u000 u ita u 013 $a81812 020 $a88-215-4789-2 040 $aSeMil$bita 100 1 $aMilingo, Emmanuel .$0(OLS)http://semarc/name/16233 245 13$aIl pesce ripescato dal fango /$cEmmanuel Milingo ; Michele Zanzucchi. 260 $aCinisello Balsamo :$bSan Paolo,$c2002. 300 $a155 p. ;$c21 cm. 700 1 $aZanzucchi, Michele,$d<1957- >.$0(OLS)http://semarc/name/45831 850 $aSeMil 852 $aSeMil$W1$xVenegono$y1$m3A II 206$j65146$B65146$CSeMilBibl$Z2$F72710 $81 961 $aAcquisto: Città Nuova (Agente) 996 $6020$a88-215-4789-2$9(OLS)http://semarc/number/90335 996 $6245$aIl pesce ripescato dal fango$9(OLS)http://semarc/title/158375 996 $6260$aCinisello Balsamo :$bSan Paolo$9(OLS)http://semarc/publisher/30129